Countries Mario Soares visited - Statistics

General Stats
  • This quiz has been taken 19 times
  • The average score is 33 of 42
Answer Stats
Continent Country % Correct
South America Brazil
100%
South America Chile
100%
Asia China
100%
Europe Denmark
100%
Europe France
100%
Europe Germany
100%
Europe Hungary
100%
Europe Ireland
100%
Europe Italy
100%
Europe Poland
100%
Asia/ Europe Soviet Union
100%
Europe Spain
100%
Europe Switzerland
100%
Europe the Netherlands
100%
Europe United Kingdom
100%
Europe Vatican City
100%
Europe Czech Republic
91%
Europe Iceland
91%
Asia India
91%
Europe Sweden
91%
Africa Angola
82%
Europe Bulgaria
82%
Europe Greece
82%
Asia Israel
82%
Asia Japan
82%
Europe Luxembourg
82%
Africa South Africa
82%
Asia/ Europe Turkey
82%
Europe Latvia
73%
Africa Democratic Republic of the Congo
64%
Africa Egypt
64%
Africa Morocco
64%
Africa Tunisia
64%
Africa Guinea Bissau
55%
Europe Malta
55%
Asia Oman
55%
Asia Pakistan
55%
Africa Ivory Coast
45%
Africa Seychelles
45%
Africa Cape Verde
36%
Africa Sao Tome and Principe
27%
Asia Palestine
18%
No matching quizzes found
Score Distribution
Percent of People with Each Score
Percentile by Number Answered
Your Score History
You have not taken this quiz